[Event "Portugal Open Semirrapidas"]
[Site "Lisboa POR"]
[Date "2020.02.02"]
[Round "2.1"]
[White "CHENNAOUI, Yasin"]
[Black "MOTYLEV, Alexander"]
[Result "0-1"]
[BlackElo "2711"]
[WhiteElo "2076"]
[LiveChessVersion "1.4.8"]

1. c4 {[%clk 0:15:08]} e5 {[%clk 0:15:07]} 2. g3 {[%clk 0:15:11]} c6
{[%clk 0:15:10]} 3. Nf3 {[%clk 0:14:13]} e4 {[%clk 0:15:14]} 4. Nd4
{[%clk 0:14:17]} d5 {[%clk 0:15:18]} 5. Bg2 {[%clk 0:14:15]} dxc4
{[%clk 0:14:37]} 6. Nc2 {[%clk 0:14:12]} f5 {[%clk 0:14:28]} 7. Ne3
{[%clk 0:11:51]} Be6 {[%clk 0:14:23]} 8. a4 {[%clk 0:10:47]} Nd7 {[%clk 0:14:10]}
9. Na3 {[%clk 0:09:51]} Ne5 {[%clk 0:14:13]} 10. Qc2 {[%clk 0:09:12]} Qd4
{[%clk 0:13:53]} 11. g4 {[%clk 0:07:14]} f4 12. Nf5 Bxf5 13. gxf5 f3 14. Bf1 fxe2
15. Bxe2 Nd3+ {[%clk 0:12:45]} 16. Bxd3 {[%clk 0:06:32]} cxd3 {[%clk 0:11:57]}
17. Qc4 {[%clk 0:06:28]} Bc5 {[%clk 0:11:37]} 18. Qxd4 {[%clk 0:06:07]} Bxd4
{[%clk 0:11:40]} 19. Nc4 {[%clk 0:05:35]} O-O-O {[%clk 0:11:43]} 20. Rg1
{[%clk 0:05:22]} Nh6 {[%clk 0:11:28]} 21. Ne3 {[%clk 0:04:57]} Rhf8
{[%clk 0:11:25]} 22. a5 {[%clk 0:04:10]} Nxf5 {[%clk 0:11:25]} 23. a6
{[%clk 0:04:12]} b5 {[%clk 0:11:25]} 24. Rg5 {[%clk 0:03:49]} Nh4
{[%clk 0:11:16]} 25. Rg4 {[%clk 0:03:40]} Nf3+ {[%clk 0:11:19]} 26. Kd1
{[%clk 0:03:42]} Nxh2 27. Rxe4 Rxf2 28. Re6 Bxe3 {[%clk 0:10:46]} 29. dxe3
{[%clk 0:03:18]} Nf3 {[%clk 0:10:44]} 30. Rxc6+ {[%clk 0:03:18]} Kd7
{[%clk 0:10:44]} 0-1

[Event "Portugal Open Semirrapidas"]
[Site "Lisboa POR"]
[Date "2020.02.02"]
[Round "2.2"]
[White "GRIGORYAN, Karen H."]
[Black "PIRES, Emanuel"]
[Result "1-0"]
[BlackElo "2081"]
[WhiteElo "2667"]
[LiveChessVersion "1.4.8"]

1. Nf3 {[%clk 0:15:07]} d5 {[%clk 0:14:19]} 2. g3 {[%clk 0:15:10]} Nc6
{[%clk 0:14:23]} 3. d4 {[%clk 0:15:13]} Bf5 {[%clk 0:14:24]} 4. c4
{[%clk 0:14:58]} e6 {[%clk 0:14:21]} 5. Bg2 {[%clk 0:14:50]} Be7 {[%clk 0:14:22]}
6. O-O {[%clk 0:14:50]} Nf6 {[%clk 0:14:21]} 7. cxd5 {[%clk 0:14:39]} exd5
{[%clk 0:14:24]} 8. Nc3 {[%clk 0:14:40]} h6 {[%clk 0:14:23]} 9. Ne5
{[%clk 0:14:11]} O-O {[%clk 0:14:21]} 10. Nxc6 {[%clk 0:14:13]} bxc6
{[%clk 0:14:25]} 11. Na4 {[%clk 0:14:17]} a5 {[%clk 0:13:40]} 12. Bd2
{[%clk 0:14:17]} Qd7 {[%clk 0:13:42]} 13. Rc1 {[%clk 0:14:19]} Rfb8
{[%clk 0:13:33]} 14. f3 {[%clk 0:14:13]} Bf8 {[%clk 0:12:44]} 15. Bc3
{[%clk 0:14:13]} Re8 {[%clk 0:10:59]} 16. Qd2 {[%clk 0:13:55]} g5
{[%clk 0:09:59]} 17. a3 {[%clk 0:12:21]} Rab8 {[%clk 0:09:13]} 18. Rf2
{[%clk 0:12:14]} Rb5 {[%clk 0:09:13]} 19. Nc5 {[%clk 0:12:09]} Qc8
{[%clk 0:08:16]} 20. Bxa5 {[%clk 0:12:09]} Nd7 {[%clk 0:07:52]} 21. Nxd7
{[%clk 0:11:27]} Qxd7 {[%clk 0:07:56]} 22. Bc3 {[%clk 0:11:28]} Bg7
{[%clk 0:07:52]} 23. a4 {[%clk 0:11:28]} Rbb8 {[%clk 0:07:55]} 24. b4
{[%clk 0:11:30]} Ra8 {[%clk 0:07:56]} 25. a5 {[%clk 0:11:34]} Qc8
{[%clk 0:07:40]} 26. Re1 {[%clk 0:11:31]} Qa6 {[%clk 0:07:28]} 27. e4
{[%clk 0:11:33]} Be6 {[%clk 0:07:32]} 28. Bf1 {[%clk 0:11:28]} Qc8
{[%clk 0:07:34]} 29. e5 {[%clk 0:11:31]} Bf5 {[%clk 0:07:34]} 30. g4
{[%clk 0:11:25]} Bg6 {[%clk 0:07:27]} 31. Bd3 {[%clk 0:11:26]} Qe6
{[%clk 0:07:25]} 32. Qc2 {[%clk 0:11:27]} Rf8 {[%clk 0:07:27]} 33. Bf5
{[%clk 0:11:30]} Qe8 {[%clk 0:07:28]} 34. Kg2 {[%clk 0:11:32]} Kh7
{[%clk 0:06:12]} 35. f4 {[%clk 0:11:32]} Qe7 {[%clk 0:06:08]} 36. Bxg6+
{[%clk 0:11:27]} fxg6 {[%clk 0:06:12]} 37. f5 {[%clk 0:11:31]} Qd7
{[%clk 0:04:34]} 38. h3 {[%clk 0:11:03]} h5 {[%clk 0:04:29]} 39. Kg3
{[%clk 0:11:02]} Rab8 {[%clk 0:03:00]} 40. f6 {[%clk 0:10:56]} Bxf6
{[%clk 0:02:20]} 41. Rxf6 {[%clk 0:10:48]} Rxf6 {[%clk 0:02:24]} 42. exf6
{[%clk 0:10:51]} Qd6+ {[%clk 0:02:28]} 43. Re5 {[%clk 0:10:46]} Qxf6
{[%clk 0:02:30]} 44. gxh5 {[%clk 0:10:36]} Qf4+ {[%clk 0:01:42]} 45. Kg2
{[%clk 0:10:39]} Kh8 {[%clk 0:00:37]} 46. Qxg6 {[%clk 0:10:34]} g4
{[%clk 0:00:17]} 47. Re8+ {[%clk 0:10:11]} Rxe8 {[%clk 0:00:20]} 48. Qxe8+
{[%clk 0:10:14]} Kh7 {[%clk 0:00:21]} 49. Qg6+ {[%clk 0:10:17]} Kh8
{[%clk 0:00:25]} 50. Qxg4 {[%clk 0:10:11]} Qc1 {[%clk 0:00:28]} 51. Qc8+
{[%clk 0:10:13]} Kh7 {[%clk 0:00:30]} 52. Qxc7+ {[%clk 0:10:15]} Kh8
{[%clk 0:00:33]} 53. Qe5+ {[%clk 0:10:10]} Kh7 {[%clk 0:00:35]} 54. Qf5+
{[%clk 0:10:13]} Kg7 {[%clk 0:00:31]} 55. Qd3 {[%clk 0:10:07]} Kh8
{[%clk 0:00:30]} 56. Bd2 {[%clk 0:10:10]} Qd1 {[%clk 0:00:13]} 57. h6
{[%clk 0:10:13]} Qh5 {[%clk 0:00:08]} 58. a6 {[%clk 0:10:13]} Qe8
{[%clk 0:00:11]} 59. a7 {[%clk 0:10:13]} c5 {[%clk 0:00:15]} 60. dxc5
{[%clk 0:10:15]} d4 {[%clk 0:00:19]} 61. Qxd4+ {[%clk 0:10:18]} 1-0

[Event "Portugal Open Semirrapidas"]
[Site "Lisboa POR"]
[Date "2020.02.02"]
[Round "2.3"]
[White "RIBEIRO, Bruno"]
[Black "ITURRIZAGA, Eduardo"]
[Result "0-1"]
[BlackElo "2643"]
[WhiteElo "2056"]
[LiveChessVersion "1.4.8"]

1. c4 {[%clk 0:15:03]} Nf6 {[%clk 0:15:07]} 2. Nc3 {[%clk 0:15:03]} e5
{[%clk 0:15:05]} 3. g3 {[%clk 0:14:59]} Nc6 {[%clk 0:15:00]} 4. Bg2
{[%clk 0:14:59]} Bc5 {[%clk 0:15:00]} 5. d3 {[%clk 0:14:24]} d6 {[%clk 0:14:59]}
6. Nf3 {[%clk 0:14:19]} a6 {[%clk 0:14:59]} 7. a3 {[%clk 0:14:09]} h6
{[%clk 0:14:55]} 8. O-O {[%clk 0:14:07]} O-O {[%clk 0:14:59]} 9. b4
{[%clk 0:13:00]} Ba7 {[%clk 0:15:02]} 10. Bb2 {[%clk 0:12:47]} Be6
{[%clk 0:15:03]} 11. Rc1 {[%clk 0:12:11]} Qd7 {[%clk 0:15:06]} 12. b5
{[%clk 0:11:37]} axb5 {[%clk 0:15:07]} 13. cxb5 {[%clk 0:10:54]} Ne7
{[%clk 0:15:11]} 14. a4 {[%clk 0:10:09]} Ng6 {[%clk 0:15:11]} 15. Qd2
{[%clk 0:09:19]} Bb6 {[%clk 0:15:15]} 16. Rfd1 {[%clk 0:08:43]} Bb3
{[%clk 0:14:44]} 17. Rf1 {[%clk 0:07:08]} Bxa4 {[%clk 0:14:47]} 18. Ne1
{[%clk 0:07:03]} Rfb8 {[%clk 0:14:11]} 19. Ra1 {[%clk 0:05:29]} Bxb5
{[%clk 0:14:15]} 20. Rxa8 {[%clk 0:05:20]} Rxa8 21. Bxb7 Rb8 {[%clk 0:14:10]} 22.
Bg2 {[%clk 0:04:56]} Bc6 {[%clk 0:14:14]} 23. Ne4 {[%clk 0:04:20]} Bxe4
{[%clk 0:13:47]} 24. dxe4 {[%clk 0:04:23]} Qa4 {[%clk 0:13:50]} 25. Nd3
{[%clk 0:03:01]} Nxe4 {[%clk 0:13:50]} 26. Qc1 {[%clk 0:03:05]} Nc5
{[%clk 0:13:50]} 27. Bd5 {[%clk 0:02:07]} Nxd3 {[%clk 0:13:49]} 28. exd3
{[%clk 0:02:06]} Ne7 {[%clk 0:13:53]} 29. Bg2 {[%clk 0:01:42]} Nf5
{[%clk 0:13:53]} 30. Kh1 {[%clk 0:01:37]} Ba5 {[%clk 0:12:23]} 31. f4
{[%clk 0:01:18]} Qa2 {[%clk 0:12:17]} 32. Ba1 {[%clk 0:00:39]} Qd2
{[%clk 0:11:45]} 33. fxe5 {[%clk 0:00:24]} Ne3 {[%clk 0:11:49]} 0-1

[Event "Portugal Open Semirrapidas"]
[Site "Lisboa POR"]
[Date "2020.02.02"]
[Round "2.4"]
[White "ALEKSEEV, Evgeny"]
[Black "GUERREIRO, Nuno"]
[Result "1-0"]
[BlackElo "2054"]
[WhiteElo "2621"]
[LiveChessVersion "1.4.8"]

1. e4 Nc6 2. Nf3 Nf6 3. e5 Ng4 4. d4 d6 5. h3 Nh6 6. exd6 cxd6 7. d5 Nb8 8. c4
Ng8 9. Nc3 Nf6 10. Bd3 g6 11. O-O Bg7 12. Be3 O-O 13. Qd2 Re8 14. Rfe1 Nbd7 15.
Re2 Nc5 16. Bc2 Bf5 17. Bxf5 gxf5 18. Qc2 Nce4 19. Nxe4 Nxe4 20. Bd4 e5 21. dxe6
fxe6 22. Bxg7 Kxg7 23. Nd2 Nf6 24. Nf3 Ne4 25. Rd1 Rc8 26. Qd3 Qf6 27. Nd2 Nc5
28. Qa3 Qd4 29. Qe3 Qxb2 30. Ne4 Qe5 31. Nxd6 Qxe3 32. Nxe8+ Kf8 33. Rxe3 Rxe8
34. g4 f4 35. Re5 b6 36. Kg2 Kg7 37. Kf3 Rf8 38. h4 Rf7 39. Rg5+ Kf8 40. Rd4 Ke8
41. Rxf4 Re7 42. Rg8+ Kd7 43. Rgf8 Kd6 44. R4f7 Nd7 45. Rxe7 Kxe7 46. Rh8 Ne5+
47. Kg3 Nxc4 48. Rxh7+ Kd6 1-0

[Event "Portugal Open Semirrapidas"]
[Site "Lisboa POR"]
[Date "2020.02.02"]
[Round "2.5"]
[White "BOTELHO, Luis"]
[Black "GHAMARIAN, Tigran"]
[Result "0-1"]
[BlackElo "2597"]
[WhiteElo "2050"]
[LiveChessVersion "1.4.8"]

1. e4 {[%clk 0:15:09]} c6 {[%clk 0:15:02]} 2. d4 {[%clk 0:15:13]} d5
{[%clk 0:15:05]} 3. exd5 {[%clk 0:15:16]} cxd5 {[%clk 0:15:09]} 4. Bd3
{[%clk 0:15:20]} Nf6 {[%clk 0:15:12]} 5. c3 {[%clk 0:15:23]} Bg4 {[%clk 0:15:15]}
6. Qb3 {[%clk 0:15:27]} Qc7 {[%clk 0:15:17]} 7. f3 {[%clk 0:15:10]} Bh5
{[%clk 0:15:13]} 8. Ne2 {[%clk 0:15:12]} e6 {[%clk 0:15:09]} 9. Bf4
{[%clk 0:15:11]} Qc8 {[%clk 0:15:04]} 10. Na3 {[%clk 0:14:28]} a6
{[%clk 0:14:57]} 11. O-O {[%clk 0:13:23]} Nc6 12. Nc2 {[%clk 0:13:12]} Bg6
{[%clk 0:14:56]} 13. Bxg6 {[%clk 0:13:08]} hxg6 {[%clk 0:15:00]} 14. Rac1
{[%clk 0:13:03]} b5 {[%clk 0:14:42]} 15. Nb4 {[%clk 0:12:28]} Be7
{[%clk 0:14:14]} 16. Nxc6 {[%clk 0:12:12]} Qxc6 {[%clk 0:14:18]} 17. Ra1
{[%clk 0:11:26]} O-O {[%clk 0:13:56]} 18. Bg3 {[%clk 0:11:11]} Rfc8
{[%clk 0:13:38]} 19. Nf4 {[%clk 0:11:10]} Nd7 {[%clk 0:13:29]} 20. Nd3
{[%clk 0:11:11]} a5 {[%clk 0:13:16]} 21. a4 {[%clk 0:11:10]} b4 {[%clk 0:13:08]}
22. Rac1 {[%clk 0:10:23]} bxc3 {[%clk 0:12:43]} 23. Rxc3 {[%clk 0:10:09]} Qb6
{[%clk 0:12:47]} 24. Bf2 {[%clk 0:08:12]} Bg5 {[%clk 0:10:47]} 25. f4
{[%clk 0:08:02]} Be7 {[%clk 0:09:15]} 26. Rfc1 {[%clk 0:07:27]} Rxc3
{[%clk 0:08:53]} 27. Qxc3 {[%clk 0:06:59]} Nf6 28. Qc7 {[%clk 0:06:34]} Qb3
{[%clk 0:08:37]} 29. Ne5 {[%clk 0:04:43]} Qxb2 {[%clk 0:08:05]} 30. Rc2
{[%clk 0:04:44]} Qb3 {[%clk 0:07:44]} 31. h3 {[%clk 0:04:00]} Re8
{[%clk 0:07:48]} 32. Qc6 {[%clk 0:03:31]} Bb4 {[%clk 0:06:57]} 33. Bh4
{[%clk 0:03:19]} Qe3+ {[%clk 0:06:34]} 34. Kh1 {[%clk 0:03:02]} Rf8
{[%clk 0:06:17]} 35. Bxf6 {[%clk 0:02:22]} gxf6 {[%clk 0:06:21]} 36. Nd7
{[%clk 0:02:26]} Qxf4 {[%clk 0:06:12]} 37. Nxf8 {[%clk 0:02:16]} Bd6
{[%clk 0:05:58]} 38. Kg1 {[%clk 0:01:56]} Qxd4+ {[%clk 0:05:55]} 39. Kf1
{[%clk 0:01:50]} Bxf8 {[%clk 0:05:41]} 40. Qc3 {[%clk 0:01:37]} Qxa4
{[%clk 0:05:34]} 41. Rc1 {[%clk 0:01:34]} Kg7 {[%clk 0:05:21]} 42. Ra1
{[%clk 0:01:34]} Qf4+ {[%clk 0:05:22]} 43. Kg1 {[%clk 0:01:08]} Bb4
{[%clk 0:05:26]} 44. Qd3 {[%clk 0:00:58]} Bc5+ {[%clk 0:05:29]} 45. Kh1
{[%clk 0:01:00]} Bd6 {[%clk 0:05:33]} 46. Kg1 {[%clk 0:01:03]} a4
{[%clk 0:05:24]} 47. Rb1 {[%clk 0:00:47]} a3 {[%clk 0:05:25]} 48. Qb3
{[%clk 0:00:40]} Qd4+ {[%clk 0:05:09]} 49. Kh1 {[%clk 0:00:39]} Qe5
{[%clk 0:05:13]} 50. Kg1 {[%clk 0:00:42]} Qe2 {[%clk 0:05:14]} 51. Ra1
{[%clk 0:00:32]} Be5 {[%clk 0:05:15]} 52. Rf1 {[%clk 0:00:19]} Bd4+
{[%clk 0:05:17]} 53. Kh2 {[%clk 0:00:19]} Qxf1 {[%clk 0:05:19]} 54. Qxa3
{[%clk 0:00:23]} Be5+ {[%clk 0:05:14]} 0-1

[Event "Portugal Open Semirrapidas"]
[Site "Lisboa POR"]
[Date "2020.02.02"]
[Round "2.6"]
[White "PETROV, Nikita"]
[Black "LEÃO, Tiago"]
[Result "1-0"]
[BlackElo "2050"]
[WhiteElo "2590"]
[LiveChessVersion "1.4.8"]

1. d4 {[%clk 0:15:07]} Nf6 {[%clk 0:15:02]} 2. c4 {[%clk 0:15:10]} e6
{[%clk 0:14:58]} 3. Nc3 {[%clk 0:15:13]} d5 {[%clk 0:14:55]} 4. cxd5
{[%clk 0:15:16]} exd5 {[%clk 0:14:58]} 5. Bg5 {[%clk 0:15:19]} Be7
{[%clk 0:14:52]} 6. e3 {[%clk 0:15:22]} O-O {[%clk 0:14:35]} 7. Bd3
{[%clk 0:15:25]} c6 {[%clk 0:14:20]} 8. h3 {[%clk 0:15:21]} Ne4 {[%clk 0:13:12]}
9. Bf4 {[%clk 0:15:01]} Bf5 {[%clk 0:11:11]} 10. Qc2 {[%clk 0:14:45]} Re8
{[%clk 0:09:07]} 11. Nge2 {[%clk 0:13:01]} Bd6 {[%clk 0:08:27]} 12. O-O
{[%clk 0:12:28]} Bxf4 {[%clk 0:07:33]} 13. Nxf4 {[%clk 0:12:30]} Bg6
{[%clk 0:07:07]} 14. Nxg6 {[%clk 0:12:17]} hxg6 {[%clk 0:05:45]} 15. Bxe4
{[%clk 0:11:39]} dxe4 {[%clk 0:05:49]} 16. Nxe4 {[%clk 0:11:40]} Na6
{[%clk 0:04:32]} 17. a3 {[%clk 0:11:42]} Nc7 {[%clk 0:04:11]} 18. Nc5
{[%clk 0:11:38]} Rb8 {[%clk 0:03:17]} 19. Rac1 {[%clk 0:11:33]} Nd5
{[%clk 0:03:19]} 20. Qe2 {[%clk 0:09:48]} f5 {[%clk 0:02:40]} 21. Qf3
{[%clk 0:09:21]} Nf6 {[%clk 0:01:25]} 22. Rfd1 {[%clk 0:09:05]} Qc8
{[%clk 0:01:08]} 23. b4 {[%clk 0:08:59]} g5 {[%clk 0:01:12]} 24. Qg3
{[%clk 0:09:01]} g4 {[%clk 0:01:03]} 25. hxg4 {[%clk 0:09:03]} Nxg4
{[%clk 0:00:36]} 26. d5 {[%clk 0:09:01]} cxd5 {[%clk 0:00:29]} 27. Na6
{[%clk 0:08:51]} bxa6 {[%clk 0:00:17]} 28. Rxc8 {[%clk 0:08:54]} Rbxc8
{[%clk 0:00:21]} 29. Qd6 {[%clk 0:08:28]} Rc2 {[%clk 0:00:09]} 30. Qxd5+
{[%clk 0:08:23]} Kh8 {[%clk 0:00:13]} 31. Qxf5 {[%clk 0:08:19]} 1-0

[Event "Portugal Open Semirrapidas"]
[Site "Lisboa POR"]
[Date "2020.02.02"]
[Round "2.7"]
[White "FERNANDES, João Pedro"]
[Black "INDJIC, Aleksandar"]
[Result "0-1"]
[BlackElo "2533"]
[WhiteElo "2021"]
[LiveChessVersion "1.4.8"]

1. e4 {[%clk 0:15:08]} c5 {[%clk 0:15:02]} 2. Nf3 {[%clk 0:15:09]} a6
{[%clk 0:15:05]} 3. Nc3 {[%clk 0:15:08]} e6 {[%clk 0:15:06]} 4. d4
{[%clk 0:15:11]} cxd4 {[%clk 0:15:09]} 5. Nxd4 {[%clk 0:15:14]} Qc7
{[%clk 0:15:07]} 6. Bd3 {[%clk 0:15:14]} Nf6 {[%clk 0:15:09]} 7. O-O
{[%clk 0:14:53]} d6 {[%clk 0:15:13]} 8. Kh1 {[%clk 0:14:22]} Nbd7
{[%clk 0:15:16]} 9. f4 {[%clk 0:13:53]} b5 {[%clk 0:15:19]} 10. a3
{[%clk 0:12:37]} Bb7 {[%clk 0:15:22]} 11. Qe2 {[%clk 0:12:25]} Be7
{[%clk 0:15:23]} 12. Bd2 {[%clk 0:12:23]} h5 {[%clk 0:15:12]} 13. Rae1
{[%clk 0:12:01]} h4 {[%clk 0:15:16]} 14. Nf3 {[%clk 0:10:51]} h3 {[%clk 0:15:18]}
15. g3 {[%clk 0:10:42]} e5 {[%clk 0:15:19]} 16. b4 {[%clk 0:08:25]} Nb6
{[%clk 0:15:19]} 17. Ra1 {[%clk 0:07:38]} Nc4 {[%clk 0:14:34]} 18. Bxc4
{[%clk 0:07:01]} Qxc4 {[%clk 0:14:29]} 19. Qxc4 {[%clk 0:06:38]} bxc4
{[%clk 0:14:33]} 20. Rfe1 {[%clk 0:06:26]} Ng4 {[%clk 0:14:37]} 21. Nd5
{[%clk 0:05:34]} f5 {[%clk 0:14:40]} 22. Nc7+ {[%clk 0:03:56]} Kd7
{[%clk 0:14:35]} 23. Nxa8 {[%clk 0:03:51]} Rxa8 {[%clk 0:14:37]} 24. fxe5
{[%clk 0:02:56]} fxe4 {[%clk 0:14:34]} 25. exd6 {[%clk 0:02:49]} Bf6
{[%clk 0:14:33]} 0-1

[Event "Portugal Open Semirrapidas"]
[Site "Lisboa POR"]
[Date "2020.02.02"]
[Round "2.8"]
[White "JANIK, Igor"]
[Black "TIERES, Cristiano"]
[Result "1-0"]
[BlackElo "2021"]
[WhiteElo "2527"]
[LiveChessVersion "1.4.8"]

1. d4 Nf6 {[%clk 0:15:04]} 2. c4 {[%clk 0:15:11]} g6 {[%clk 0:15:06]} 3. Nf3
{[%clk 0:15:13]} Bg7 {[%clk 0:15:10]} 4. g3 {[%clk 0:15:17]} O-O {[%clk 0:15:12]}
5. Bg2 {[%clk 0:15:21]} d6 {[%clk 0:15:15]} 6. O-O {[%clk 0:15:24]} a6
{[%clk 0:15:19]} 7. Nc3 {[%clk 0:15:28]} Nc6 {[%clk 0:15:23]} 8. Qc2
{[%clk 0:15:32]} Rb8 {[%clk 0:15:25]} 9. Rd1 {[%clk 0:15:35]} e6 {[%clk 0:15:08]}
10. e4 {[%clk 0:15:32]} Qe7 {[%clk 0:15:03]} 11. Be3 {[%clk 0:14:30]} Nd7
{[%clk 0:15:04]} 12. Rac1 {[%clk 0:14:25]} b6 {[%clk 0:14:55]} 13. Qd2
{[%clk 0:14:13]} Bb7 {[%clk 0:14:55]} 14. Bh6 {[%clk 0:14:16]} Rbd8
{[%clk 0:14:36]} 15. Bxg7 {[%clk 0:14:17]} Kxg7 {[%clk 0:14:39]} 16. h4
{[%clk 0:14:14]} Na5 {[%clk 0:14:39]} 17. b3 {[%clk 0:14:18]} c5 {[%clk 0:14:37]}
18. d5 {[%clk 0:14:22]} e5 {[%clk 0:14:21]} 19. Bh3 {[%clk 0:14:16]} Bc8
{[%clk 0:14:24]} 20. Kg2 {[%clk 0:14:16]} Rh8 {[%clk 0:14:06]} 21. h5
{[%clk 0:14:19]} h6 {[%clk 0:14:07]} 22. Rh1 {[%clk 0:14:21]} Rdg8
{[%clk 0:13:21]} 23. Nd1 {[%clk 0:14:22]} Nb7 {[%clk 0:13:00]} 24. hxg6
{[%clk 0:14:13]} fxg6 {[%clk 0:13:03]} 25. Ne3 {[%clk 0:14:15]} Nd8
{[%clk 0:12:40]} 26. Nh4 {[%clk 0:14:08]} Qg5 {[%clk 0:12:08]} 27. Rcf1
{[%clk 0:13:02]} Rf8 {[%clk 0:12:03]} 28. Qb2 {[%clk 0:13:00]} Kh7
{[%clk 0:11:45]} 29. Qc1 {[%clk 0:12:05]} Kg7 {[%clk 0:11:17]} 30. Rh2
{[%clk 0:11:47]} Nb7 {[%clk 0:11:22]} 31. Rfh1 {[%clk 0:11:46]} Qf6
{[%clk 0:06:46]} 32. Bf5 {[%clk 0:11:20]} gxf5 {[%clk 0:05:22]} 33. Nhxf5+
{[%clk 0:11:23]} Kf7 {[%clk 0:05:15]} 34. Rxh6 {[%clk 0:09:36]} Rxh6
{[%clk 0:04:47]} 35. Rxh6 {[%clk 0:09:40]} Qg5 {[%clk 0:04:39]} 36. Rh7+
{[%clk 0:09:44]} Ke8 {[%clk 0:04:32]} 37. Ng7+ {[%clk 0:09:46]} Kf7
{[%clk 0:04:06]} 38. Ne6+ {[%clk 0:09:48]} Kg6 {[%clk 0:04:03]} 39. Nxg5
{[%clk 0:09:51]} Kxg5 {[%clk 0:04:05]} 40. Nf5+ {[%clk 0:09:55]} 1-0

[Event "Portugal Open Semirrapidas"]
[Site "Lisboa POR"]
[Date "2020.02.02"]
[Round "2.9"]
[White "FERNANDES, Ricardo Paulos"]
[Black "TEN HERTOG, Hugo"]
[Result "0-1"]
[BlackElo "2506"]
[WhiteElo "2011"]
[LiveChessVersion "1.4.8"]

1. Nf3 {[%clk 0:15:08]} g6 {[%clk 0:15:08]} 2. g3 {[%clk 0:15:07]} Bg7
{[%clk 0:15:12]} 3. Bg2 {[%clk 0:15:11]} Nf6 {[%clk 0:15:12]} 4. c4
{[%clk 0:15:14]} d6 {[%clk 0:15:15]} 5. Nc3 {[%clk 0:15:17]} c6 {[%clk 0:15:19]}
6. d3 {[%clk 0:15:19]} a6 {[%clk 0:15:23]} 7. O-O {[%clk 0:15:20]} b5
{[%clk 0:15:26]} 8. Qc2 {[%clk 0:14:43]} Bb7 {[%clk 0:15:17]} 9. b3
{[%clk 0:14:46]} O-O {[%clk 0:15:17]} 10. Bb2 {[%clk 0:14:50]} Nbd7
{[%clk 0:15:21]} 11. d4 {[%clk 0:14:39]} Rc8 {[%clk 0:14:59]} 12. Rad1
{[%clk 0:14:32]} c5 {[%clk 0:14:45]} 13. d5 {[%clk 0:14:08]} Nb6 {[%clk 0:14:32]}
14. Nb1 {[%clk 0:12:52]} Qd7 {[%clk 0:14:02]} 15. Nbd2 {[%clk 0:12:51]} a5
{[%clk 0:13:53]} 16. e4 {[%clk 0:10:29]} bxc4 {[%clk 0:13:44]} 17. bxc4
{[%clk 0:06:54]} Qa4 {[%clk 0:13:46]} 18. Rc1 {[%clk 0:06:31]} Ba6
{[%clk 0:13:05]} 19. e5 {[%clk 0:06:29]} Qxc2 {[%clk 0:12:02]} 20. Rxc2
{[%clk 0:06:32]} Nfd7 {[%clk 0:12:06]} 21. exd6 {[%clk 0:06:29]} exd6
{[%clk 0:12:09]} 22. Bxg7 {[%clk 0:06:03]} Kxg7 {[%clk 0:12:12]} 23. Re1
{[%clk 0:05:58]} Rfe8 {[%clk 0:12:15]} 24. Bf1 {[%clk 0:05:57]} Rxe1
{[%clk 0:11:55]} 25. Nxe1 {[%clk 0:06:01]} Ne5 {[%clk 0:11:15]} 26. f4
{[%clk 0:05:33]} Ng4 {[%clk 0:11:13]} 27. Ng2 {[%clk 0:05:37]} Re8
{[%clk 0:09:39]} 28. Rc3 {[%clk 0:05:41]} a4 {[%clk 0:07:55]} 29. h3
{[%clk 0:05:32]} Nf6 {[%clk 0:07:53]} 30. Kf2 {[%clk 0:05:30]} Ne4+
{[%clk 0:07:52]} 31. Nxe4 {[%clk 0:05:00]} Rxe4 {[%clk 0:07:55]} 32. Ne3
{[%clk 0:05:03]} Rd4 {[%clk 0:07:55]} 33. Bd3 {[%clk 0:04:39]} f5
{[%clk 0:06:40]} 34. Ke2 {[%clk 0:04:36]} Kf6 {[%clk 0:06:24]} 35. Nc2
{[%clk 0:04:28]} Rxc4 {[%clk 0:06:02]} 36. Bxc4 {[%clk 0:04:06]} Bxc4+
{[%clk 0:06:05]} 37. Rxc4 {[%clk 0:02:25]} Nxc4 {[%clk 0:06:09]} 38. Kd3
{[%clk 0:02:29]} Nb6 {[%clk 0:05:37]} 39. Ne3 {[%clk 0:02:29]} h5
{[%clk 0:04:57]} 40. h4 {[%clk 0:01:51]} Ke7 {[%clk 0:05:00]} 41. a3
{[%clk 0:01:55]} Kd7 {[%clk 0:04:46]} 42. Kc3 {[%clk 0:01:49]} Kc7
{[%clk 0:04:47]} 43. Kd3 {[%clk 0:01:53]} Nd7 {[%clk 0:04:40]} 44. Nd1
{[%clk 0:00:59]} Kb6 {[%clk 0:04:24]} 45. Nc3 {[%clk 0:00:33]} Ka5
{[%clk 0:04:24]} 46. Kc4 {[%clk 0:00:36]} Nf6 {[%clk 0:04:25]} 47. Ne2
{[%clk 0:00:06]} Ne4 {[%clk 0:04:22]} 48. Kd3 {[%clk 0:00:09]} Kb5
{[%clk 0:04:06]} 49. Nc3+ {[%clk 0:00:13]} Nxc3 {[%clk 0:04:09]} 50. Kxc3
{[%clk 0:00:17]} c4 {[%clk 0:04:14]} 51. Kd4 {[%clk 0:00:21]} c3 {[%clk 0:04:18]}
52. Kxc3 {[%clk 0:00:24]} Kc5 {[%clk 0:04:23]} 53. Kd2 {[%clk 0:00:27]} Kxd5
{[%clk 0:04:12]} 54. Kd3 {[%clk 0:00:32]} Kc5 {[%clk 0:04:16]} 55. Kc3
{[%clk 0:00:36]} d5 {[%clk 0:04:21]} 56. Kd3 {[%clk 0:00:41]} d4 {[%clk 0:04:25]}
57. Kxd4+ 0-1

[Event "Portugal Open Semirrapidas"]
[Site "Lisboa POR"]
[Date "2020.02.02"]
[Round "2.10"]
[White "STACHOWIAK, Kamil"]
[Black "NETO, Horácio"]
[Result "1-0"]
[BlackElo "2006"]
[WhiteElo "2500"]
[LiveChessVersion "1.4.8"]

1. d4 {[%clk 0:15:09]} Nf6 {[%clk 0:15:08]} 2. Nf3 {[%clk 0:15:12]} d5
{[%clk 0:15:10]} 3. c4 {[%clk 0:15:15]} e6 {[%clk 0:15:05]} 4. Nc3
{[%clk 0:15:18]} Bb4 {[%clk 0:14:44]} 5. Bg5 {[%clk 0:15:11]} h6 {[%clk 0:14:42]}
6. Bh4 {[%clk 0:15:10]} g5 {[%clk 0:13:09]} 7. Bg3 {[%clk 0:15:14]} Ne4
{[%clk 0:12:41]} 8. Qc2 {[%clk 0:15:10]} Bxc3+ {[%clk 0:11:58]} 9. bxc3
{[%clk 0:15:13]} Nxg3 {[%clk 0:11:43]} 10. hxg3 {[%clk 0:15:16]} Nd7
{[%clk 0:09:13]} 11. e3 {[%clk 0:14:56]} Qf6 {[%clk 0:08:53]} 12. Rb1
{[%clk 0:14:43]} c6 {[%clk 0:08:01]} 13. Bd3 {[%clk 0:14:44]} O-O
{[%clk 0:06:53]} 14. Ke2 {[%clk 0:14:45]} dxc4 {[%clk 0:06:46]} 15. Bxc4
{[%clk 0:14:48]} e5 {[%clk 0:06:49]} 16. Rh5 {[%clk 0:14:45]} Kg7
{[%clk 0:06:20]} 17. Rbh1 {[%clk 0:14:45]} exd4 {[%clk 0:06:17]} 18. Rxg5+
{[%clk 0:14:19]} 1-0